00649nam a2200205Ia 4500003000900000008004100009020001800050040001600068080001500084100002800099245005100127260003500178300001500213650004100228650003000269650002400299942000700323999001500330952009800345IN-BaIIA211028s9999 xx 000 0 eng d a0-12-763450-9 cIIA Library a539.2bWOO aWooten, Frederick97733 0aOptical properties of solidscFrederick Wooten aNew YorkbAcademic Pressc1972 axii, 260p. aAstronomy and astrophysics thesaurus aDielectric function97734 aSolid state physics cBK c4427d4427 00104070aBANbBANcGENd1974-06-27l0o539.2/ WOOp4943r2021-11-05w1974-06-27yBK 13.95